Anime Main Character Quiz - Statistics

General Stats
  • This quiz has been taken 5,303 times
  • The average score is 26 of 48
Answer Stats
Picture Answer % Correct
Naruto
99%
Luffy
98%
Goku
95%
Eren
92%
Light
89%
Gon
87%
Tanjiro
84%
Ichigo
82%
Deku
81%
Saitama
81%
Itadori
76%
Anya
72%
Asta
71%
Denji
68%
Ash Ketchum
67%
Hinata
63%
Meliodas
63%
Lelouch
62%
Saiki
62%
Guts
60%
Jotaro
59%
Kaneki
57%
Sung Jin-Woo
57%
Natsu
55%
Edward
54%
Mash
52%
Isagi
51%
Thorfinn
51%
Kirito
48%
Kuroko
48%
Senku
46%
Subaru
43%
Emma
37%
Shinji
34%
Shinra
34%
Ayanokoji
33%
Takemichi
31%
Gabimaru
29%
Gintoki
29%
Rin
27%
Spike
27%
Shigeo
23%
Kafka
21%
Yato
19%
Maka
18%
Atsushi
16%
Akira
9%
Decim
9%
No matching quizzes found
Score Distribution
Percent of People with Each Score
Percentile by Number Answered
Your Score History
You have not taken this quiz